| 000 | 00349nam a22001337a 4500 | ||
|---|---|---|---|
| 082 | _a515 CON'E | ||
| 100 |
_aCONTE, S.D,BOOR, CARL DE _978584 |
||
| 245 | _aELEMENTARY NUMERICAL ANALYSIS AN ALGORITHMIC APPROACH | ||
| 250 | _a2ND | ||
| 260 |
_aNEW DELHI _bMCGRAW HILL _c1972 |
||
| 300 | _aX,293 P | ||
| 650 |
_aNUMERICAL ANALYSIS _9103 |
||
| 942 | _cBK | ||
| 999 |
_c583693 _d583693 |
||